000 02736cam a22004575i 4500
001 21563843
003 CSPC
005 20241216090713.0
008 200612s2021 flu b 001 0 eng
010 _a 2020940551
020 _a9780367616984
_q(hardback)
040 _aDLC
_beng
_erda
_cDLC
_dCSPC
042 _apcc
082 0 4 _223
_a658.477
_bB167e
100 1 _aBajgorić, Nijaz,
_eauthor.
245 1 0 _aEnhancing business continuity and it capability :
_bsystem administration and server operating platforms /
_cNijaz Bajgorić, [and 3 others].
263 _a2012
264 1 _aBoca Raton, FL :
_bCRC Press,
_c2021.
300 _axviii, 289 pages ;
_c24 cm.
336 _atext
_btxt
_2rdacontent
337 _aunmediated
_bn
_2rdamedia
338 _avolume
_bnc
_2rdacarrier
500 _a"An Auerbach book"
504 _aIncludes bibliographical references and index.
505 0 _aIntroduction: downtime and modern business -- Economics of downtime -- Business continuity and IT capability -- Server operating environments for business continuity -- System administration and business continuity -- Enhancing availability and business continuity: methods, techniques, and technologies -- IT auditing - system administration - business continuity - IT capability -- IT capability and organizational business performance -- Development of IT capability -- Real-world stories.
520 _a"This book addresses several aspects of how modern server operation environments and system administration can help in reducing downtime and ensuring higher levels of applications availability. The book first introduces the concepts of system downtime, business continuity, business continuity management, disaster recovery, disaster recovery management, and IT capability. It presents the main high availability features of modern servers, server operating environments, and establishes some connections between these concepts and technologies on one side and IT capability and firm's performances on the other side"--
_cProvided by publisher.
650 0 _aBusiness continuity.
650 0 _aSystem administration.
650 0 _aServer computers
_vManagement.
650 0 _aInformation technology
_vManagement.
650 0 _aDisaster recovery (Computer science).
650 0 _aStrategic planning.
650 0 _aComputer networks
_vSecurity measures.
700 1 _aTurulja, Lejla,
_eauthor.
700 1 _aIbrahimović, Semir,
_eauthor.
700 1 _aAlagic, Amra,
_eauthor.
906 _a0
_bibc
_corignew
_d2
_eepcn
_f20
_gy-gencatlg
942 _2ddc
_cBK
_e23
_h658.477
_iB167e
_kCIR
_m2021
_n0
999 _c28573
_d28573